000 02265nam a2200325 a 4500
001
003 DO-SdBNP
005 20211109074016.0
007
008 150716s2000 dr r 000 0 spa d
020 _a9993442046
040 _aDO-SdBNP
_bspa
_cBPMSU
082 4 _a923.27293
_bB742s 2000
_222
111 2 _aSeminario Internacional Juan Bosch Vida y Obra
_n(3 :
_d2000 :
_cSanto Domingo)
245 1 0 _aJuan Bosch :
_bvida y obra /
_cOrlando Díaz, editor ; introducción Alejandro González Pons.
260 _aSanto Domingo :
_bComisión Permanente de la Feria del Libro,
_c2000.
300 _a174 p. ;
_c23 cm.
490 0 _aEdiciones Ferilibro,
_v33
500 _aIncluye referencias bibliográficas y notas al pie de las páginas
500 _aPonencias presentadas en el Seminario Internacional 'Juan Bosch: Vida y Obra', realizado dentro del marco de la III Feria Internacional del Libro Santo Domingo-2000"
505 0 _aSemblanza literaria de Juan Bosch /
_rBruno Rosario Candelier --
_tEl problema del ver en política: Althusser y Bosch /
_rRafael Julián --
_tJuan Bosch, luchador, escritor, hermeneuta /
_rJorge Núñez Sánchez --
_tLa visión criollística en la cuentística de Juan Bosch, sus rasgos esenciales /
_rRoberto Fernández Valledor --
_tJuan Bosch maestro del cuento latinoamericano /
_rRaúl Pérez Torres --
_tJuan Bosch : patriota, escritor, líder y maestro /
_rEuclides Gutiérrez Félix --
_tNarración y estilo en Juan Bosch: su mundo cenestético /
_rManuel A. Ossers Cabrera --
_tLa imagen de América: cuentos dominicanos y americanos de Juan Bosch /
_rManuel Joffré Berríos --
_tLa mujer en los cuentos de Juan Bosch: paradojas, conflictos y realidades /
_rClara Mercedes Jorge Tejada de Ramírez --
_tJuan Bosch: una estampa literaria /
_rLeón David --
_tJuan Bosch: heritier du genre conte /
_rLionel Richard --
_tExpositores /
_tNotas bibliográficas.
590 _aInventariado, 2021/VM
600 1 4 _a Bosch, Juan,
_d1909-2001
_91
650 1 4 _aPresidentes
_zRepública Dominicana
_vCongresos, conferencias, etc.
651 1 4 _aRepública Dominicna
_vBiografías
_vCongresos, conferencias, etc.
700 1 _aGonzález Pons, Alejandro,
_eintrod.
700 1 _aDíaz, Orlando,
_eed.
910 _a VMateo V.
942 _2ddc
_cBK
999 _c13858
_d13858